Private sector housing renewal: reform of the Housing Grants, Construction and Regeneration Act 1996, Local Government and Housing Act 1989 and Housing Act 1985 - a consultation paper. (Record no. 101282)

MARC details
000 -LEADER
fixed length control field 01082cam a2200253 4500
001 - CONTROL NUMBER
control field J111729
008 - FIXED-LENGTH DATA ELEMENTS--GENERAL INFORMATION
fixed length control field 000000n2001 000 0 eng u
035 ## - SYSTEM CONTROL NUMBER
System control number (Sirsi) u111729
050 ## - LIBRARY OF CONGRESS CALL NUMBER
Classification number 306.1
110 ## - MAIN ENTRY--CORPORATE NAME
Corporate name or jurisdiction name as entry element United Kingdom
Subordinate unit Department of the Environment, Transport and the Regions
9 (RLIN) 3507
245 ## - TITLE STATEMENT
Title Private sector housing renewal: reform of the Housing Grants, Construction and Regeneration Act 1996, Local Government and Housing Act 1989 and Housing Act 1985 - a consultation paper.
260 ## - PUBLICATION, DISTRIBUTION, ETC.
Place of publication, distribution, etc. London
Name of publisher, distributor, etc. DETR
Date of publication, distribution, etc. 2001
300 ## - PHYSICAL DESCRIPTION
Extent 49p. ; 30cm.
520 ## - SUMMARY, ETC.
Summary, etc. A consultation paper- responses to this paper should be received by the DETR before 29th June 2001. Paper also available on the DCLG website thttp://www.dclg.gov.uk
650 ## - SUBJECT ADDED ENTRY--TOPICAL TERM
Topical term or geographic name entry element HOUSING GREEN PAPER
650 ## - SUBJECT ADDED ENTRY--TOPICAL TERM
Topical term or geographic name entry element PRIVATE SECTOR HOUSING
650 ## - SUBJECT ADDED ENTRY--TOPICAL TERM
Topical term or geographic name entry element HOUSING ACT 1989
650 ## - SUBJECT ADDED ENTRY--TOPICAL TERM
Topical term or geographic name entry element HOUSING ACT 1985
650 ## - SUBJECT ADDED ENTRY--TOPICAL TERM
Topical term or geographic name entry element HOUSING GRANTS CONSTRUCTION AND REGENERATION ACT 1996
650 ## - SUBJECT ADDED ENTRY--TOPICAL TERM
Topical term or geographic name entry element CONSULTATION PAPERS
690 ## - LOCAL SUBJECT ADDED ENTRY--TOPICAL TERM (OCLC, RLIN)
Topical term or geographic name as entry element HOUSING
856 ## - ELECTRONIC LOCATION AND ACCESS
Uniform Resource Identifier <a href="https://www.communities.gov.uk/index.asp?id=1165593">https://www.communities.gov.uk/index.asp?id=1165593</a>
942 ## - ADDED ENTRY ELEMENTS (KOHA)
Suppress in OPAC 0
Holdings
Withdrawn status Lost status Source of classification or shelving scheme Damaged status Not for loan Home library Current library Shelving location Date acquired Total Checkouts Full call number Barcode Date last seen Date last checked out Copy number Price effective from Koha item type
    Dewey Decimal Classification     London London Folio 02/04/2001 3 F306.1 ENV 30063961 06/08/2019 13/06/2003 1 06/08/2019 Book